| Tag |
First Indicator |
Second Indicator |
Subfields |
| LEADER |
00000pam a2200000 4500 |
| 001 |
in00000307254 |
| 005 |
20151010143707.0 |
| 008 |
731102s1974 nyua b 00010 eng d |
| 010 |
|
|
|a 73005312
|
| 035 |
|
|
|a (OCoLC)00745838
|
| 035 |
|
|
|9 ABH5675AM
|
| 040 |
|
|
|a DLC
|c DLC
|d TXA
|d UtOrBLW
|
| 049 |
|
|
|a TXAM
|c [1371930]
|
| 050 |
0 |
0 |
|a QC786.5
|b .S8
|
| 100 |
1 |
|
|a Stacey, Weston M.
|
| 245 |
1 |
0 |
|a Variational methods in nuclear reactor physics /
|c [by] Weston M. Stacey, Jr.
|
| 264 |
|
1 |
|a New York :
|b Academic Press,
|c 1974.
|
| 300 |
|
|
|a viii, 181 pages :
|b illustrations
|
| 336 |
|
|
|a text
|b txt
|2 rdacontent
|
| 337 |
|
|
|a unmediated
|b n
|2 rdamedia
|
| 338 |
|
|
|a volume
|b nc
|2 rdacarrier
|
| 490 |
0 |
|
|a Nuclear science and technology, 10
|
| 504 |
|
|
|a Includes bibliographical references.
|
| 650 |
|
0 |
|a Nuclear reactors.
|
| 650 |
|
0 |
|a Calculus of variations.
|
| 999 |
|
|
|a MARS
|
| 999 |
f |
f |
|s e6f68528-d0e0-306b-87d0-d1523c9db471
|i ff4946a2-c788-32cd-b0dd-ac29f5904c34
|t 0
|
| 952 |
f |
f |
|p normal
|a Texas A&M University
|b College Station
|c Sterling C. Evans Library
|d Evans: Library Stacks
|t 0
|e QC786.5 .S8
|h Library of Congress classification
|i unmediated -- volume
|m A14804649625
|
| 998 |
f |
f |
|a QC786.5 .S8
|t 0
|l Evans: Library Stacks
|